000 01238nam a2200325 a 4500
001
003 DO-SdBNP
005 20210903134148.0
008 090716s2017 dr 001 0 spa d
020 _a9789945005028
040 _aDO-SdBNP
_bspa
_cBPMSU
082 _aR923.2
_bG984h 2017
_222
100 1 _aGutiérrez Félix, Euclides
245 1 0 _aHéroes y próceres dominicanos y americanos /
_cEuclides Gutiérrez Félix ; prólogo Alejandrina Germán.
250 _a5a ed rev. y act.
260 _aSanto Domingo :
_bSecretaría de Estado de Educación, Bellas Artes y Cultos,
_c2017
300 _a398 p. ;
_c23 cm.
500 _aIncluye referencias bibliográficas y notas al pie de las páginas.
500 _aIncluye datos biográficos del autor en la solapa de la cubierta
504 _aBibliografía : p. 379-388
590 _aInventariado, 2021/VM
650 4 _aRevolucionarios
_zRepública Dominicana
_vBiografías
650 4 _aHéroes
_zRepública Dominicana
_vBiografías
650 4 _aJefes de Estado
_zRepública Dominicana
_xBiografías
651 4 _aRepública Dominicana
_xBiografías
651 4 _aAmérica
_vBiografías
700 1 _aGermán, Alejandrina,
_epról.
910 _aVMateo V.
942 _2ddc
_cBK
999 _c13699
_d13699